000 00658nam a22001817a 4500
999 _c261
_d261
008 151112b xxu||||| |||| 00| 0 eng d
020 _a9781259095559
082 _22015
_aDC 590
_bAn598
100 _9558
_aHickman, Cleveland P. and 4 more.
245 _aAnimal diversity/
_cLarry S. Roberts, Susan L. Keen, Allan Larson, and David J. Eisenhour
250 _aSeventh Edition
260 _aNew York:
_bMcGraw-Hill Education,
_cc2015.
300 _axiii, 492 pages:
_bColor illustrations;
_c27 cm.
500 _aIncludes index.
650 0 _9559
_aZoology
700 _9561
_aLarry S. Roberts, Susan L. Keen, Allan Larson and David J. Eisenhour
942 _2ddc
_cDC